[Event "Zlin Region-chT 2223"]
[Site "Czech Republic"]
[Date "2023.02.12"]
[Round "8.4"]
[White "Balazec, Ludovit"]
[Black "Staufcik, Robert"]
[Result "0-1"]
[WhiteElo "1895"]
[BlackElo "2068"]
[PlyCount "102"]
[EventDate "2022.10.09"]
[EventType "team-tourn"]
[EventRounds "11"]
[EventCountry "CZE"]
[SourceTitle "EXT 2024"]
[Source "ChessBase"]
[SourceDate "2023.10.10"]
[SourceVersion "1"]
[SourceVersionDate "2023.10.10"]
[SourceQuality "1"]
[WhiteTeam "Zlin Malenovice"]
[BlackTeam "Stare Mesto  III"]
[WhiteTeamCountry "CZE"]
[BlackTeamCountry "CZE"]

1. e4 e5 2. Nf3 Nc6 3. c3 d5 4. Qa4 Qd6 5. Bb5 Bd7 6. exd5 Qxd5 7. 0-0 0-0-0 8. Qb3 Qxb3 9. axb3 f6 10. Bxc6 Bxc6 11. Rxa7 Kb8 12. Ra1 Bxf3 13. gxf3 Rd3 14. Kg2 Nh6 15. Re1 Nf5 16. f4 Bd6 17. fxe5 Bxe5 18. Ra4 g5 19. Rg4 Nh4+ 20. Kh1 Rh3 21. Rxe5 fxe5 22. d4 exd4 23. Bxg5 Nf3 24. Bf4 Rh4 25. Rxh4 Nxh4 26. cxd4 Re8 27. Be5 Nf3 28. Kg2 Nxe5 29. dxe5 Rxe5 30. Nc3 Kc8 31. Kg3 Kd7 32. h4 h5 33. Kf4 Ke6 34. f3 Rf5+ 35. Ke4 Re5+ 36. Kf4 c6 37. b4 Rf5+ 38. Ke4 Rf7 39. Ne2 Kf6 40. Nd4 Re7+ 41. Kf4 Re1 42. b3 Rh1 43. Nf5 Rb1 44. Nd4 Rd1 45. Ke4 Rd2 46. Nf5 Rh2 47. Kf4 Rh3 48. Ke4 Rxf3 49. Kxf3 Kxf5 50. b5 cxb5 51. b4 b6 0-1

[Event "Zlin Region-chT 2223"]
[Site "Czech Republic"]
[Date "2022.11.27"]
[Round "4.4"]
[White "Vrzal, Filip"]
[Black "Balazec, Ludovit"]
[Result "1-0"]
[WhiteElo "1751"]
[BlackElo "1895"]
[PlyCount "105"]
[EventDate "2022.10.09"]
[EventType "team-tourn"]
[EventRounds "11"]
[EventCountry "CZE"]
[SourceTitle "EXT 2024"]
[Source "ChessBase"]
[SourceDate "2023.10.10"]
[SourceVersion "1"]
[SourceVersionDate "2023.10.10"]
[SourceQuality "1"]
[WhiteTeam "Postoupky Sokol"]
[BlackTeam "Zlin Malenovice"]
[WhiteTeamCountry "CZE"]
[BlackTeamCountry "CZE"]

1. e4 c5 2. Nf3 d6 3. d4 cxd4 4. Nxd4 Nf6 5. Nc3 a6 6. Be2 Nbd7 7. a4 e6 8. f4 Qc7 9. Bf3 Be7 10. 0-0 0-0 11. g4 Rb8 12. g5 Ne8 13. Bg2 g6 14. Rf3 Ng7 15. Qe1 b5 16. axb5 axb5 17. Kh1 b4 18. Ncb5 Qc5 19. Bf1 e5 20. Nb3 Qxc2 21. Na5 Bb7 22. Bd3 Qc8 23. Nxb7 Rxb7 24. f5 f6 25. fxg6 hxg6 26. Rg3 f5 27. Qxb4 f4 28. Qb3+ Kh7 29. Rh3+ Nh5 30. Qe6 Bxg5 31. Nxd6 Qc6 32. Qg4 Qxd6 33. Qxg5 Qf6 34. Qg4 Nc5 35. Bc4 Nxe4 36. Qf3 Nd6 37. Bd3 Kg8 38. Ra6 Rh7 39. Qd5+ Qf7 40. Rxd6 Qxd5+ 41. Rxd5 e4 42. Bc4 Kh8 43. b3 Rc7 44. Kg2 Kg7 45. Rh4 Kh6 46. Rg4 Rf6 47. Rd8 g5 48. Bb2 Rb6 49. Be5 Rbc6 50. Rh8+ Rh7 51. Rxh7+ Kxh7 52. Rxg5 f3+ 53. Kf1 1-0

[Event "Zlin Region-chT 2223"]
[Site "Czech Republic"]
[Date "2022.10.23"]
[Round "2.4"]
[White "Galda, Tomas"]
[Black "Balazec, Ludovit"]
[Result "1-0"]
[WhiteElo "1845"]
[BlackElo "1860"]
[PlyCount "35"]
[EventDate "2022.10.09"]
[EventType "team-tourn"]
[EventRounds "11"]
[EventCountry "CZE"]
[SourceTitle "EXT 2024"]
[Source "ChessBase"]
[SourceDate "2023.10.10"]
[SourceVersion "1"]
[SourceVersionDate "2023.10.10"]
[SourceQuality "1"]
[WhiteTeam "Usti Sokol"]
[BlackTeam "Zlin Malenovice"]
[WhiteTeamCountry "CZE"]
[BlackTeamCountry "CZE"]

1. c4 e6 2. Nf3 Nf6 3. g3 d5 4. Bg2 dxc4 5. Qa4+ Bd7 6. Qxc4 Bc6 7. 0-0 Be7 8. b3 Nbd7 9. Bb2 Nb6 10. Qc2 0-0 11. Nc3 a5 12. a3 Bd6 13. Rfd1 e5 14. d4 exd4 15. Nxd4 Bxg2 16. Kxg2 Qc8 17. Nf5 Be5 18. Ne7+ 1-0

[Event "Stare Mesto op"]
[Site "Stare Mesto"]
[Date "2021.08.14"]
[Round "2"]
[White "Lajbl, Jan"]
[Black "Balazec, Ludovit"]
[Result "1-0"]
[WhiteElo "2176"]
[BlackElo "1925"]
[PlyCount "87"]
[EventDate "2021.08.13"]
[EventType "swiss"]
[EventRounds "9"]
[EventCountry "CZE"]
[SourceTitle "CBM 203 Extra"]
[Source "ChessBase"]
[SourceDate "2021.09.30"]
[SourceVersion "1"]
[SourceVersionDate "2021.09.30"]
[SourceQuality "1"]

1. e4 c5 2. Nf3 e6 3. Nc3 Nc6 4. g3 d5 5. exd5 exd5 6. Bg2 d4 7. Qe2+ Be7 8. Ne4 d3 9. cxd3 Bg4 10. h3 Nd4 11. Qd1 Bxf3 12. Bxf3 Qd7 13. 0-0 Nh6 14. Re1 0-0 15. Nc3 Rfe8 16. Bg2 Bf8 17. Re3 Rad8 18. b3 Nhf5 19. Re4 Nd6 20. Rxe8 Rxe8 21. Ne4 b6 22. Bb2 f5 23. Ng5 Ne2+ 24. Kh2 Nb5 25. Nf3 Bd6 26. a4 Nbd4 27. Nxd4 Nxd4 28. Bxd4 cxd4 29. Bd5+ Kh8 30. Qf3 Qc7 31. Bc6 Rf8 32. Re1 f4 33. g4 g6 34. Qd5 f3+ 35. Kh1 Rf4 36. Re8+ Bf8 37. Rd8 Qe7 38. Kh2 Qf6 39. g5 Qe7 40. Rd7 Qe1 41. Kg3 Bg7 42. Rd8+ Bf8 43. Kxf4 Qxd2+ 44. Kg3 1-0

[Event "Stare Mesto op"]
[Site "Stare Mesto"]
[Date "2019.08.23"]
[Round "7"]
[White "Husek, Martin"]
[Black "Balazec, Ludovit"]
[Result "1-0"]
[WhiteElo "2182"]
[BlackElo "1889"]
[PlyCount "77"]
[EventDate "2019.08.17"]
[EventType "swiss"]
[EventRounds "9"]
[EventCountry "CZE"]
[SourceTitle "EXT 2020"]
[Source "ChessBase"]
[SourceDate "2019.10.17"]
[SourceVersion "1"]
[SourceVersionDate "2019.10.17"]
[SourceQuality "1"]

1. e4 c5 2. Nf3 d6 3. d4 cxd4 4. Nxd4 Nf6 5. Nc3 a6 6. Bg5 e6 7. f4 Be7 8. Qf3 Bd7 9. e5 Nc6 10. 0-0-0 Nxd4 11. Rxd4 Qb6 12. Rd2 Bc6 13. Qg3 dxe5 14. fxe5 Nh5 15. Qh4 Bxg5 16. Qxg5 g6 17. Be2 h6 18. Qh4 Bxg2 19. Rhd1 Ng7 20. Bd3 g5 21. Qg3 Bd5 22. Be4 Nh5 23. Qf3 Nf4 24. Bxd5 exd5 25. Nxd5 Nxd5 26. Rxd5 Rc8 27. Qa3 Qc6 28. R1d2 Qe6 29. Rd6 Qf5 30. Rf6 Qe4 31. Qd6 Qh1+ 32. Rd1 Qc6 33. Qd3 Qc7 34. Qf5 Rd8 35. Rxd8+ Kxd8 36. Rxf7 Qc6 37. Qf6+ Qxf6 38. exf6 Kc8 39. Re7 1-0

[Event "Stare Mesto op"]
[Site "Stare Mesto"]
[Date "2019.08.19"]
[Round "3"]
[White "Balazec, Ludovit"]
[Black "Sramek, Ondrej"]
[Result "1-0"]
[WhiteElo "1889"]
[BlackElo "2057"]
[PlyCount "65"]
[EventDate "2019.08.17"]
[EventType "swiss"]
[EventRounds "9"]
[EventCountry "CZE"]
[SourceTitle "EXT 2020"]
[Source "ChessBase"]
[SourceDate "2019.10.17"]
[SourceVersion "1"]
[SourceVersionDate "2019.10.17"]
[SourceQuality "1"]

1. e4 e5 2. Nf3 Nc6 3. Bb5 a6 4. Ba4 Nf6 5. Qe2 d6 6. c3 Bd7 7. 0-0 Be7 8. d4 b5 9. Bc2 0-0 10. dxe5 dxe5 11. Rd1 Qc8 12. Nbd2 Re8 13. Nf1 h6 14. Ne3 Bf8 15. Nh4 g6 16. Nd5 Bg7 17. a4 Nxd5 18. exd5 Ne7 19. axb5 axb5 20. Rxa8 Qxa8 21. Bb3 Nf5 22. Nxf5 Bxf5 23. d6 cxd6 24. Rxd6 Qb8 25. Rd5 Rd8 26. Rxd8+ Qxd8 27. Qxb5 Qa8 28. Qd5 Qa7 29. h3 Qc7 30. Be3 Be6 31. Qa8+ Kh7 32. Bxe6 fxe6 33. Qa7 1-0

[Event "CZE-chT2E 1819"]
[Site "Czech Republic"]
[Date "2018.12.02"]
[Round "4.8"]
[White "Musil, Vitezslav"]
[Black "Balazec, Ludovit"]
[Result "1/2-1/2"]
[WhiteElo "1935"]
[BlackElo "1948"]
[PlyCount "48"]
[EventDate "2018.10.14"]
[EventType "team-tourn"]
[EventRounds "11"]
[EventCountry "CZE"]
[SourceTitle "EXT 2022"]
[Source "ChessBase"]
[SourceDate "2021.10.06"]
[SourceVersion "1"]
[SourceVersionDate "2021.10.06"]
[SourceQuality "1"]
[WhiteTeam "Grygov"]
[BlackTeam "Zlin"]
[WhiteTeamCountry "CZE"]
[BlackTeamCountry "CZE"]

1. Nf3 d5 2. c4 e6 3. g3 Nf6 4. Bg2 c6 5. b3 Be7 6. 0-0 0-0 7. Ba3 Nbd7 8. Bxe7 Qxe7 9. d4 b6 10. Nbd2 Bb7 11. Qc2 Rac8 12. Rac1 c5 13. Qb2 cxd4 14. Nxd4 Nc5 15. N2f3 g6 16. Ne5 Nfd7 17. Nxd7 Qxd7 18. Rfd1 Qe7 19. cxd5 exd5 20. b4 Ne4 21. e3 a6 22. a3 h5 23. Bh3 Rc4 24. Bf1 Rcc8 1/2-1/2

[Event "Stare Mesto op"]
[Site "Stare Mesto"]
[Date "2018.08.26"]
[Round "9"]
[White "Balazec, Ludovit"]
[Black "Mojzis, Jaroslav"]
[Result "0-1"]
[WhiteElo "1985"]
[BlackElo "2099"]
[PlyCount "72"]
[EventDate "2018.08.18"]
[EventType "swiss"]
[EventRounds "9"]
[EventCountry "CZE"]
[SourceTitle "CBM 186 Extra"]
[Source "ChessBase"]
[SourceDate "2018.08.24"]
[SourceVersion "1"]
[SourceVersionDate "2018.08.24"]
[SourceQuality "1"]

1. e4 e5 2. Nf3 Nc6 3. Bb5 a6 4. Ba4 Nf6 5. Qe2 b5 6. Bb3 Be7 7. a4 b4 8. d4 d6 9. Qc4 Qd7 10. Qxf7+ Kd8 11. Qxg7 Rf8 12. Ng5 Nxd4 13. Nxh7 Nxh7 14. Qxh7 Qg4 15. 0-0 Nxb3 16. cxb3 Rg8 17. g3 Rf8 18. Be3 Bb7 19. Nd2 Kd7 20. f3 Qe6 21. g4 Rf7 22. Qh3 Bf6 23. Rf2 Rh8 24. Qf1 Bh4 25. Rg2 d5 26. Qd3 d4 27. Bf2 Bg5 28. Nc4 Rhf8 29. Bxd4 exd4 30. Qxd4+ Kc8 31. Qe5 Qg6 32. Qc5 Rxf3 33. Ne5 Qxe4 34. Nxf3 Be3+ 35. Qxe3 Qxe3+ 36. Rf2 Rxf3 0-1

[Event "Stare Mesto op"]
[Site "Stare Mesto"]
[Date "2018.08.18"]
[Round "1"]
[White "Balazec, Ludovit"]
[Black "Jasny, Stanislav"]
[Result "0-1"]
[WhiteElo "1985"]
[BlackElo "2377"]
[PlyCount "60"]
[EventDate "2018.08.18"]
[EventType "swiss"]
[EventRounds "9"]
[EventCountry "CZE"]
[SourceTitle "CBM 186 Extra"]
[Source "ChessBase"]
[SourceDate "2018.08.24"]
[SourceVersion "1"]
[SourceVersionDate "2018.08.24"]
[SourceQuality "1"]

1. e4 c5 2. Nc3 e6 3. Nge2 d6 4. d4 cxd4 5. Nxd4 Nf6 6. g4 h6 7. Be2 a6 8. a4 Nc6 9. Be3 Bd7 10. Nb3 Na5 11. Nxa5 Qxa5 12. 0-0 Bc6 13. f3 d5 14. exd5 Nxd5 15. Nxd5 Bxd5 16. c3 Bc5 17. Bf2 Qb6 18. b4 Bxf2+ 19. Rxf2 Rc8 20. c4 Bxc4 21. Rc1 Rd8 22. Qe1 Bxe2 23. Qxe2 0-0 24. Rc4 Rd5 25. Kg2 Rfd8 26. Qb2 Qe3 27. Rcc2 Qf4 28. Qc3 h5 29. h3 h4 30. Qc7 e5 0-1

[Event "Pardubice op rapid 29th"]
[Site "Pardubice"]
[Date "2018.07.19"]
[Round "4"]
[White "Balazec, Ludovit"]
[Black "Lushnikov, Evgeny"]
[Result "0-1"]
[WhiteElo "1991"]
[BlackElo "2136"]
[PlyCount "87"]
[EventDate "2018.07.18"]
[EventType "swiss (rapid)"]
[EventRounds "9"]
[EventCountry "CZE"]
[SourceTitle "CBM 185 Extra"]
[Source "ChessBase"]
[SourceDate "2018.07.29"]
[SourceVersion "1"]
[SourceVersionDate "2018.07.29"]
[SourceQuality "1"]

1. e4 c5 2. Nc3 Nc6 3. Nge2 e5 4. Nd5 d6 5. Nec3 g6 6. Bc4 Be6 7. 0-0 Bg7 8. d3 h6 9. a4 Nge7 10. f4 Nd4 11. fxe5 dxe5 12. Nxe7 Qxe7 13. Nd5 Bxd5 14. Bxd5 0-0 15. c3 Ne6 16. Be3 Rac8 17. Qd2 Kh7 18. Rf3 f5 19. exf5 Rxf5 20. Raf1 Rxf3 21. Rxf3 Rf8 22. Bxe6 Rxf3 23. gxf3 Qxe6 24. Bxc5 Qc6 25. Qf2 b6 26. Be3 Qxa4 27. Kg2 Kg8 28. Qd2 Qh4 29. Qf2 Qe7 30. Qd2 Kh7 31. Qc2 b5 32. Qb3 a6 33. Qc2 Qd6 34. Qd2 a5 35. Qe2 Qd5 36. Qd2 g5 37. h3 Bf6 38. Qc2 Kg7 39. c4 Qc6 40. b3 a4 41. c5 a3 42. b4 Qd5 43. c6 a2 44. c7 0-1

[Event "Pardubice op rapid 29th"]
[Site "Pardubice"]
[Date "2018.07.19"]
[Round "5"]
[White "Ruzicka, Josef"]
[Black "Balazec, Ludovit"]
[Result "1-0"]
[WhiteElo "2139"]
[BlackElo "1991"]
[PlyCount "73"]
[EventDate "2018.07.18"]
[EventType "swiss (rapid)"]
[EventRounds "9"]
[EventCountry "CZE"]
[SourceTitle "CBM 185 Extra"]
[Source "ChessBase"]
[SourceDate "2018.07.29"]
[SourceVersion "1"]
[SourceVersionDate "2018.07.29"]
[SourceQuality "1"]

1. e4 c5 2. Nc3 a6 3. a4 d6 4. f4 Nf6 5. Nf3 Nc6 6. Bc4 Bg4 7. h3 Bxf3 8. Qxf3 Nd4 9. Qd1 e6 10. 0-0 Be7 11. Ba2 b5 12. d3 b4 13. Ne2 Nc6 14. f5 exf5 15. Rxf5 0-0 16. Qf1 Ne5 17. Be3 Rc8 18. Ng3 Ng6 19. Re1 Nh4 20. Rf4 Ng6 21. Rf2 d5 22. exd5 Nxd5 23. Nf5 Bf6 24. Bc1 Rc7 25. Kh1 Nh4 26. Ree2 Nb6 27. Bb3 c4 28. dxc4 Nxc4 29. Nxh4 Bxh4 30. Rf4 Nb6 31. Rxb4 Rd7 32. c3 Nd5 33. Rg4 h5 34. Rge4 Bf6 35. Rf2 Qb6 36. Bc4 Rc8 37. Bxa6 1-0

[Event "Stare Mesto op"]
[Site "Stare Mesto"]
[Date "2017.08.17"]
[Round "8"]
[White "Balazec, Ludovit"]
[Black "Skalsky, Alexandr"]
[Result "0-1"]
[WhiteElo "1962"]
[BlackElo "2105"]
[PlyCount "114"]
[EventDate "2017.08.11"]
[EventType "swiss"]
[EventRounds "10"]
[EventCountry "CZE"]
[SourceTitle "CBM 180 Extra"]
[Source "ChessBase"]
[SourceDate "2017.10.06"]
[SourceVersion "1"]
[SourceVersionDate "2017.10.06"]
[SourceQuality "1"]

1. e4 c5 2. Nc3 Nc6 3. Nge2 g6 4. d4 cxd4 5. Nxd4 Bg7 6. Be3 Nf6 7. Bc4 0-0 8. Bb3 Re8 9. f3 e6 10. Qd2 d5 11. Nxc6 bxc6 12. 0-0-0 Qc7 13. exd5 exd5 14. Bh6 Bh8 15. g4 d4 16. Ne2 c5 17. Bc4 Bb7 18. Rdf1 Nd5 19. h4 Ne3 20. Bxe3 dxe3 21. Qd3 Rad8 22. Qb3 Rb8 23. c3 Bd5 24. Qa4 Qb7 25. b3 Rbd8 26. Qb5 Bc6 27. Qxc5 Rd2 28. h5 Re5 29. Bxf7+ Qxf7 30. Qxc6 Rxe2 31. hxg6 hxg6 32. Rd1 Rd2 33. Rxd2 exd2+ 34. Kxd2 Bg7 35. Re1 Qf4+ 36. Kd1 Rxe1+ 37. Kxe1 Qe3+ 38. Kf1 Kh7 39. Kg2 Qe2+ 40. Kg1 Qxa2 41. Qb7 a5 42. f4 Qb1+ 43. Kf2 Qc2+ 44. Kf1 Qd1+ 45. Kf2 Qd2+ 46. Kg1 Qe3+ 47. Kg2 Qxf4 48. c4 Qxg4+ 49. Kf2 Kh6 50. Ke3 Bd4+ 51. Kd2 Qf4+ 52. Kd1 Qf1+ 53. Kd2 Qf2+ 54. Kd1 Be3 55. Qh1+ Kg5 56. Qd5+ Qf5 57. Qd8+ Kg4 0-1

[Event "Ruzomberok Montana op"]
[Site "Ruzomberok"]
[Date "2017.05.30"]
[Round "3"]
[White "Balazec, Ludovit"]
[Black "Dagonia, Steve"]
[Result "0-1"]
[WhiteElo "1964"]
[BlackElo "1813"]
[PlyCount "106"]
[EventDate "2017.05.28"]
[EventType "swiss"]
[EventRounds "9"]
[EventCountry "SVK"]
[SourceTitle "EXT 2018"]
[Source "ChessBase"]
[SourceDate "2017.10.13"]
[SourceVersion "1"]
[SourceVersionDate "2017.10.13"]
[SourceQuality "1"]

1. e4 e5 2. Nf3 Nf6 3. Nxe5 Nxe4 4. Qe2 Qe7 5. Qxe4 d6 6. f4 dxe5 7. fxe5 Nc6 8. Bb5 Bd7 9. Nc3 0-0-0 10. 0-0 Nxe5 11. Bxd7+ Rxd7 12. d3 Nc6 13. Bd2 Qxe4 14. Nxe4 f6 15. a3 Nd4 16. Bf4 Nxc2 17. Rac1 Nd4 18. Rfe1 Nc6 19. Rc3 Ne5 20. Rd1 Be7 21. d4 Rhd8 22. Rdc1 Nc6 23. Be3 f5 24. Ng3 g6 25. Ne2 Bf6 26. b4 a6 27. Kf2 g5 28. g3 Rd5 29. a4 R8d7 30. Rc4 Nxd4 31. Nc3 R5d6 32. b5 a5 33. Kg2 b6 34. Rd1 Nc2 35. Rxd6 Nxe3+ 36. Kf3 Nxc4 37. Rxf6 Rd3+ 38. Ke2 Rxc3 39. Rxf5 Re3+ 40. Kf2 Re5 41. Rf8+ Kd7 42. Rf7+ Re7 43. Rf5 h6 44. Rf6 Re6 45. Rf7+ Kd6 46. Rf3 c6 47. bxc6 Kxc6 48. Rc3 Kc5 49. Rb3 Kd4 50. Rb5 Kc3 51. Rb1 Nb2 52. Rc1+ Kb3 53. Rb1 Ka2 0-1

[Event "Brno Duras op"]
[Site "Brno"]
[Date "2016.07.03"]
[Round "9"]
[White "Balazec, Ludovit"]
[Black "Spodny, Josef"]
[Result "1/2-1/2"]
[WhiteElo "1943"]
[BlackElo "1929"]
[PlyCount "40"]
[EventDate "2016.06.25"]
[EventType "swiss"]
[EventRounds "9"]
[EventCountry "CZE"]
[SourceTitle "CBM 173 Extra"]
[Source "ChessBase"]
[SourceDate "2016.08.29"]
[SourceVersion "1"]
[SourceVersionDate "2016.08.29"]
[SourceQuality "1"]

1. e4 e6 2. d4 d5 3. Nd2 Be7 4. e5 c5 5. Qg4 g6 6. Ngf3 Nc6 7. Bb5 Bd7 8. Bxc6 bxc6 9. dxc5 Bxc5 10. Nb3 Be7 11. 0-0 c5 12. c3 h5 13. Qf4 Nh6 14. Be3 Rc8 15. Ng5 Nf5 16. h4 Bxg5 17. hxg5 Qe7 18. Bd2 Kf8 19. Qf3 Bb5 20. Rfe1 Qd7 1/2-1/2

[Event "Brno Duras op"]
[Site "Brno"]
[Date "2016.07.01"]
[Round "7"]
[White "Fojtik, Tomas"]
[Black "Balazec, Ludovit"]
[Result "1-0"]
[WhiteElo "2051"]
[BlackElo "1943"]
[PlyCount "85"]
[EventDate "2016.06.25"]
[EventType "swiss"]
[EventRounds "9"]
[EventCountry "CZE"]
[SourceTitle "CBM 173 Extra"]
[Source "ChessBase"]
[SourceDate "2016.08.29"]
[SourceVersion "1"]
[SourceVersionDate "2016.08.29"]
[SourceQuality "1"]

1. d4 d5 2. Nf3 Nf6 3. g3 Bg4 4. Bg2 c6 5. 0-0 Nbd7 6. Nbd2 e6 7. Re1 Be7 8. c4 0-0 9. b3 a5 10. Bb2 Bxf3 11. Bxf3 Re8 12. a3 Bd6 13. e4 dxe4 14. Nxe4 Nxe4 15. Rxe4 Nf6 16. Re2 Qc7 17. Qe1 Nd7 18. Rd1 c5 19. Qc3 Be7 20. dxc5 Bf6 21. Qe3 Bxb2 22. Rxb2 Rab8 23. b4 axb4 24. axb4 b6 25. cxb6 Nxb6 26. Be2 Nxc4 27. Qc3 Qe5 28. Qxe5 Nxe5 29. f4 Nc6 30. b5 Ne7 31. b6 Nd5 32. b7 Nc3 33. Rd7 Nxe2+ 34. Rxe2 Kf8 35. Rc2 g5 36. fxg5 Kg7 37. Rcc7 Rf8 38. Kg2 Kg6 39. h4 h6 40. gxh6 Kxh6 41. Rxf7 Rxf7 42. Rxf7 Rd8 43. Rc7 1-0

[Event "Brno Duras op"]
[Site "Brno"]
[Date "2016.06.27"]
[Round "3"]
[White "Balazec, Ludovit"]
[Black "Klausner, Felix"]
[Result "1/2-1/2"]
[WhiteElo "1943"]
[BlackElo "1718"]
[PlyCount "56"]
[EventDate "2016.06.25"]
[EventType "swiss"]
[EventRounds "9"]
[EventCountry "CZE"]
[SourceTitle "CBM 173 Extra"]
[Source "ChessBase"]
[SourceDate "2016.08.29"]
[SourceVersion "1"]
[SourceVersionDate "2016.08.29"]
[SourceQuality "1"]

1. e4 c5 2. Nc3 e6 3. Nf3 a6 4. d4 cxd4 5. Nxd4 Qc7 6. Bd3 Nf6 7. 0-0 d6 8. Be3 b5 9. a3 Bb7 10. Qe2 Be7 11. g4 h5 12. g5 Ng4 13. h3 Nxe3 14. Qxe3 Qc5 15. h4 g6 16. Qd2 0-0 17. Nb3 Qc7 18. Rae1 Nd7 19. f4 Nc5 20. Nc1 Rfd8 21. N1e2 d5 22. exd5 Bxd5 23. Nxd5 Rxd5 24. Qc3 Qd7 25. Nc1 Na4 26. Qb3 Nc5 27. Qc3 Na4 28. Qb3 Nc5 1/2-1/2

[Event "Brno Duras op"]
[Site "Brno"]
[Date "2016.06.26"]
[Round "2"]
[White "Dvorakova, Olga"]
[Black "Balazec, Ludovit"]
[Result "0-1"]
[WhiteElo "1529"]
[BlackElo "1943"]
[PlyCount "46"]
[EventDate "2016.06.25"]
[EventType "swiss"]
[EventRounds "9"]
[EventCountry "CZE"]
[SourceTitle "CBM 173 Extra"]
[Source "ChessBase"]
[SourceDate "2016.08.29"]
[SourceVersion "1"]
[SourceVersionDate "2016.08.29"]
[SourceQuality "1"]

1. d4 d5 2. Nf3 Nf6 3. Bg5 Nbd7 4. e3 c6 5. Bd3 Ne4 6. Bxe4 dxe4 7. Nfd2 Qa5 8. Bh4 h5 9. c4 g5 10. b4 Qf5 11. Bg3 h4 12. Bc7 e5 13. a3 exd4 14. exd4 Bg7 15. Nb3 0-0 16. h3 Re8 17. 0-0 Qg6 18. N1d2 Nf8 19. Bh2 g4 20. hxg4 Bxg4 21. f3 e3 22. Ne4 Rxe4 23. Qe1 Bh3 0-1